ბათუმის შოთა რუსთაველის სახელმწიფო უნივერსიტეტის ბიბლიოთეკა

HITIT.YABANCILAN ICIN TURKCE.3. (ბიბ.ჩანაწერი № 35646)

000 -LEADER
fixed length control field 00443nam a2200193Ia 4500
001 - CONTROL NUMBER
control field 1517
003 - CONTROL NUMBER IDENTIFIER
control field GE_BSU
008 - FIXED-LENGTH DATA ELEMENTS--GENERAL INFORMATION
fixed length control field 181216s||||||||xx |||||||||||||| ||und||
040 ## - CATALOGING SOURCE
Transcribing agency GE_BSU
080 ## - UNIVERSAL DECIMAL CLASSIFICATION NUMBER
Universal Decimal Classification number 811.512.16
245 ## - TITLE STATEMENT
Title HITIT.YABANCILAN ICIN TURKCE.3.
260 ## - PUBLICATION, DISTRIBUTION, ETC.
Place of publication, distribution, etc. ANKARA
260 ## - PUBLICATION, DISTRIBUTION, ETC.
Date of publication, distribution, etc. 2007
300 ## - PHYSICAL DESCRIPTION
Extent 177p.
653 ## - INDEX TERM--UNCONTROLLED
Uncontrolled term HITIT.YABANCILAN ICIN TURKCE
653 ## - INDEX TERM--UNCONTROLLED
Uncontrolled term თურქული ენა
942 ## - ADDED ENTRY ELEMENTS (KOHA)
Koha item type წიგნი
ეგზემპლარები
Withdrawn status Lost status Damaged status Not for loan Date acquired Barcode Date last seen Price effective from Koha item type
        2018-12-17 1365 2018-12-17 2018-12-17 წიგნი